|
|
|
|
| LEADER |
00732nab a2200181 i 4500 |
| 001 |
misc47093 |
| 005 |
20250224153623.0 |
| 008 |
210208s1937 hu o 000 hun d |
| 040 |
|
|
|a SZTE Miscellanea Repozitórium
|b hun
|
| 041 |
|
|
|a hun
|
| 245 |
0 |
0 |
|a Nobel-díj
|h [elektronikus dokumentum]
|
| 260 |
|
|
|c 1937-10-30
|
| 300 |
|
|
|a 1
|
| 300 |
|
|
|a Szent-Györgyi Albert Nobel-díja az 1937/38-as sajtóhíradások tükrében : újságkivágat-album, f. 5v.
|
| 490 |
0 |
|
|a Népszava : a Magyarországi Szociáldemokrata Párt központi közlönye
|v 65 No. 247
|
| 561 |
|
|
|a Szent-Györgyi Albert újságkivágat-album
|
| 695 |
|
|
|a Szent-Györgyi Albert, Nobel-díj - 1937
|
| 856 |
4 |
0 |
|u http://misc.bibl.u-szeged.hu/47093/1/006_001.pdf
|z Dokumentum-elérés
|